| 000 | 00697cab a22001935a 4500 | ||
|---|---|---|---|
| 001 | L145743 | ||
| 008 | 081104e20081031xxko f 000 0 eng d | ||
| 035 | _a(Sirsi) u145743 | ||
| 041 | 0 | _aeng | |
| 100 | 1 | _aMorris, Huw | |
| 245 | 0 | 0 | _aCities on the brink |
| 260 | _c2008 | ||
| 490 |
_aPlanning _v(1793) 31 October 2008, 16-17(2) |
||
| 520 | _aLooks at the effects of rapid urbanisation internationally and suggests that effective planning will be essential to creating cities that do not further increase humanity's ecological footprint. | ||
| 590 | _aKA | ||
| 651 | 4 | _aInternational | |
| 690 | _aENVIRONMENTAL AND LAND CONSULTANCY-PLANNING AND DEVELOPMENT-STRATEGIC PLANNING | ||
| 942 | _n0 | ||
| 999 |
_c80927 _d80927 |
||